000 00579nam a2200193Ia 4500
003 GCL
008 140319s9999 xx 000 0 ara d
040 _aGCL /
_cGCL
082 0 4 _a414
_bم ن
100 1 _aعبدالعزيز شرف
245 1 0 _aنحو بلاغة جديدة /
_cعبدالعزيز شرف
700 1 _aمحمد عبدالمنعم خفاجى
300 _a191 ص
490 _a
650 0 4 _aالبلاغة العربية
650 0 4 _aالادب العربى - البلاغة
650 0 4 _aالبلاغة العربية - البيان
942 _2ddc
_cBK
999 _c41648
_d41648